Textbook of physical chemistry / (Record no. 75054)
[ view plain ]
| 000 -LEADER | |
|---|---|
| fixed length control field | 00866nam a2200277 i 4500 |
| 001 - CONTROL NUMBER | |
| control field | 75054 |
| 003 - CONTROL NUMBER IDENTIFIER | |
| rucl marc code | BD-RjUL |
| 005 - DATE AND TIME OF LATEST TRANSACTION | |
| control field | 20231004113030.0 |
| 008 - FIXED-LENGTH DATA ELEMENTS--GENERAL INFORMATION | |
| fixed length control field | 190114r20222015ii a|||| b||| 001 0 eng d |
| 020 ## - INTERNATIONAL STANDARD BOOK NUMBER | |
| International Standard Book Number | 9788120350625 |
| 035 ## - SYSTEM CONTROL NUMBER | |
| System control number | (BD-RjUL) 75272 |
| 040 ## - CATALOGING SOURCE | |
| Original cataloging agency | BD-RjUL |
| Language of cataloging | eng |
| Transcribing agency | BD-RjUL |
| Description conventions | rda |
| 041 ## - LANGUAGE CODE | |
| Language code of text/sound track or separate title | eng |
| 082 #4 - DEWEY DECIMAL CLASSIFICATION NUMBER | |
| Edition number | 23 |
| Classification number | 541 |
| Author mark and year | MOT 2022 |
| 100 ## - MAIN ENTRY--PERSONAL NAME | |
| Personal name | Moudgil, Harish Kumar |
| Relator term | author |
| 9 (RLIN) | 226949 |
| 245 ## - TITLE STATEMENT | |
| Title | Textbook of physical chemistry / |
| Statement of responsibility, etc. | Harish Kumar Moudgil. |
| 250 ## - EDITION STATEMENT | |
| Edition statement | Second edition / Eastern economy edition |
| 264 ## - PRODUCTION, PUBLICATION, DISTRIBUTION, MANUFACTURE, AND COPYRIGHT NOTICE | |
| Place of production, publication, distribution, manufacture | Delhi : |
| Name of producer, publisher, distributor, manufacturer | Prentice-Hall Of India, |
| Date of production, publication, distribution, manufacture, or copyright notice | c2015.c2022 |
| 300 ## - PHYSICAL DESCRIPTION | |
| Pagination | xxvii,686 pages : |
| Illustrations | illustrations ; |
| Size | 23 cm. |
| 336 ## - CONTENT TYPE | |
| Content type term | text |
| Source | rdacontent |
| 337 ## - MEDIA TYPE | |
| Media type term | unmediated |
| Source | rdamedia |
| 338 ## - CARRIER TYPE | |
| Carrier type term | volume |
| Source | rdacarrier |
| 500 ## - GENERAL NOTE | |
| General note | Includes index. |
| 650 ## - SUBJECT ADDED ENTRY--TOPICAL TERM | |
| Topical term or geographic name as entry element | Chemistry, physical and theoretical. |
| 9 (RLIN) | 226950 |
| 942 ## - ADDED ENTRY ELEMENTS (KOHA) | |
| Source of classification or shelving scheme | Dewey Decimal Classification |
| Koha item type | Books |
| Lost status | Source of classification or shelving scheme | Damaged status | Not for loan | Collection code | Permanent Location | Current Location | Shelving location | Date acquired | Source of acquisition | Cost, normal purchase price | Total Checkouts | Full call number | Date last seen | Copy number | Koha item type | Date checked out |
|---|---|---|---|---|---|---|---|---|---|---|---|---|---|---|---|---|
| Dewey Decimal Classification | Not For Loan | Non-fiction | Central Library, University of Rajshahi | Central Library, University of Rajshahi | Reading Room | 18/11/2018 | Orbital International, Dhaka | 696.15 | 541 MOT 2015 | 14/01/2019 | C-1 | Books | ||||
| Dewey Decimal Classification | Non-fiction | Central Library, University of Rajshahi | Central Library, University of Rajshahi | 18/11/2018 | Orbital International, Dhaka | 696.15 | 541 MOT 2015 | 14/01/2019 | C-2 | Books | ||||||
| Dewey Decimal Classification | Non-fiction | Central Library, University of Rajshahi | Central Library, University of Rajshahi | 18/11/2018 | Orbital International, Dhaka | 696.15 | 2 | 541 MOT 2015 | 28/03/2023 | C-3 | Books | 22/02/2023 | ||||
| Dewey Decimal Classification | Non-fiction | Central Library, University of Rajshahi | Central Library, University of Rajshahi | General Stacks | 03/08/2023 | Dhaka: Omni Concept | 1493.75 | 541 MOT 2022 | 04/10/2023 | C-4 | Books | |||||
| Dewey Decimal Classification | Non-fiction | Central Library, University of Rajshahi | Central Library, University of Rajshahi | General Stacks | 03/08/2023 | Dhaka: Omni Concept | 1493.75 | 541 MOT 2022 | 04/10/2023 | C-5 | Books |